000 00246nam a2200109Ia 4500
008 220204s9999 xx 000 0 und d
082 _a82-3
_bRAN
100 _aRand, Ayn
245 0 _aAtlas shrugged
260 _aNew York
_bNel
_c1957
942 _cBK
999 _c37560
_d37560